[Event "SA Championship"]
[Site "Adelaide"]
[Date "2006.03.21"]
[Round "6.3"]
[White "Riches, L John"]
[Black "Zaric, Srboljub"]
[Result "0-1"]
[Annotator "Fritz 9"]
[BlackElo "2129"]
[EventCountry "AUS"]
[EventDate "2006.02.14"]
[EventRounds "9"]
[EventType "tourn"]
[PlyCount "72"]
[WhiteElo "1939"]

{ D35: Queen's Gambit Declined: Exchange Variation } 1. d4 Nf6 2. c4 e6 3. Nc3
d5 4. cxd5 exd5 5. Bg5 c6 6. e3 Bf5 7. Qf3 Bg6 8. Bxf6 gxf6 9. Qd1 ( 9. h4 h5
10. Nh3 Bd6 11. Nf4 Nd7 12. O-O-O Qe7 13. Bd3 Rh6 14. e4 dxe4 15. Bxe4 O-O-O
16. Rhe1 Bxe4 17. Nxe4 Nb6 18. Nxh5 Nd5 19. Nc3 Qc7 20. Nxd5 cxd5+ 21. Kb1 Kb8
22. Nxf6 Rxh4 23. g3 Rh2 { Bacrot,E  ( 2592 ) -Anic,D  ( 2467 ) /Besancon
1999/CBM 073/1-0  ( 49 )}  )9... Qb6 10. Qd2 Nd7 11. Nf3 $146 ( 11. Nge2 Bd6
12. g3 h5 ( 12... Nf8 13. Bg2 Ne6 14. h4 Bh5 15. Rc1 Rg8 16. a3 Qb3 17. O-O Rd8
18. Rfe1 Bg6 19. Nf4 Kf8 20. Nxe6+ fxe6 21. e4 Kg7 22. e5 fxe5 23. h5 Bf5 24.
dxe5 Be7 25. Ne2 Qb6 26. Nd4 Rdf8 27. Re3 { Legky,N  ( 2420 ) -Gulicovski,K  (
2200 ) /Vrnjacka Banja 1989/CBM 013/1-0  ( 42 )}  )13. h4 O-O-O 14. Bh3 Kb8 15.
a3 Qc7 16. b4 Nb6 17. O-O Nc4 18. Qd1 Rhg8 19. Bg2 Bf5 20. b5 Be4 21. Nxe4 dxe4
22. bxc6 Qxc6 23. Rc1 f5 24. Qb3 Rc8 25. Rfd1 Qa6 { Shibaev,A  ( 2387 )
-Afromeev,V  ( 2547 ) /Internet 2004/CBM 104 ext/0-1  ( 63 )}  )11... Bd6 12.
Bd3 f5 ( 12... O-O-O 13. Nh4 $11 )13. Nh4 f4 14. Nf5 ( { Not } 14. Nxg6 hxg6
15. O-O-O O-O-O $15 )14... Bxf5 15. Bxf5 { Opposite coloured bishops appeared} 
15... Nf6 ( 15... O-O-O 16. e4 dxe4 17. O-O-O $14 ( 17. Nxe4 $143 Bb4 18. Nc3
Rhe8+ 19. Kf1 f3 $17 ))16. O-O ( 16. O-O-O Kd8 $16 )16... Qc7 ( 16... O-O 17.
Ne2 $14 )17. Rac1 a6 ( 17... f3 $5 18. g3 h5 $16 )18. e4 dxe4 19. Nxe4 ( 19.
Bxe4 $6 Nxe4 20. Nxe4 O-O-O $14 )19... Nxe4 20. Bxe4 O-O-O 21. b4 ( 21. Bf3 Kb8
$16 )21... Qe7 ( 21... f3 22. g3 h5 23. Bxf3 $14 )22. Qd3 Kb8 23. Bxc6 ( 23.
Bf3 $16 $142)23... bxc6 $15 24. Rxc6 Qb7 { Black threatens to win material:
Qb7xc6}  25. Rxa6 ( 25. Qf3 $5 $15 { is interesting} )25... Rhg8 $17 26. f3 Rg6
( 26... Be5 27. Kh1 Bxd4 28. Re1 $17 )27. Ra5 ( 27. Rd1 $5 $11 { is worthy of
consideration} )27... Bc7 $17 28. Rb5 ( 28. Rh5 Bb6 29. Kh1 Rxd4 $17 )28... Rb6
( 28... Bb6 29. Rd1 Rgd6 30. Qf1 Rxd4 31. Re1 Rd1+ 32. Kh1 Rxe1 33. Qxe1 $19
)29. Rf5 ( 29. Rxb6 Bxb6 30. Kh1 Rxd4 31. Qxh7 Rxb4 $17 )29... Rxb4 30. Rxf7
Rbxd4 31. Qc2 $2 ( 31. Qb1 $142 Qb6 32. Kh1 Qxb1 33. Rxb1+ Kc8 34. Rg1 $19
)31... Rd2 32. Qc4 ( 32. Rxc7 { doesn't do any good}  32... Rxc2 ( 32... Qxc7
$6 33. Rb1+ Kc8 34. Qf5+ R2d7 35. h3 $19 )33. Rxc2 Qb4 $19 )32... Rg8 ( 32...
Rd1 $142 { keeps an even firmer grip}  33. Qxc7+ Qxc7 34. Rxc7 Rxf1+ 35. Kxf1
Kxc7 $19 )33. g4 ( 33. Kh1 Rdxg2 34. Rf8+ Rxf8 35. Kxg2 $19 )33... fxg3 ( 33...
Rxg4+ 34. Kh1 Rxh2+ 35. Kxh2 Qb2+ 36. Qe2 Qxe2+ 37. Rf2 Qxf2+ 38. Kh1 Rg1# )34.
Rxc7 ( 34. Qxc7+ { praying for a miracle}  34... Qxc7 35. Rb1+ Kc8 36. Rxc7+
Kxc7 37. hxg3 Rxg3+ 38. Kh1 $19 )34... gxh2+ 35. Kh1 Qxf3+ $3 { Demolition of
pawn structure.}  ( 35... Qxc7 36. Rb1+ Kc8 37. Qxg8+ Qd8 38. Qe6+ Qd7 39. Qa6+
Kd8 40. Qf6+ Kc8 41. Qf8+ Kc7 42. Rc1+ Kb7 43. Qb4+ Ka8 44. Qa5+ Kb8 45. Rb1+
Kc8 46. Qa8+ Kc7 47. Rb7+ Kd6 48. Rxd7+ Kxd7 49. a4 $18 )36. Rxf3 { Deflection
from g1}  36... Rg1# { A beautiful mate combination}   0-1

[Event "SA Championship"]
[Site "Adelaide"]
[Date "2006.03.21"]
[Round "6.4"]
[White "Juszczynski, Mathew"]
[Black "Stevens, Tristan"]
[Result "1-0"]
[Annotator "Fritz 9"]
[BlackElo "1855"]
[EventCountry "AUS"]
[EventDate "2006.02.14"]
[EventRounds "9"]
[EventType "tourn"]
[PlyCount "65"]
[WhiteElo "1790"]

{ A08: King's Indian Attack } 1. Nf3 d5 2. g3 c5 3. Bg2 Nc6 4. O-O e5 5. d3 Nf6
6. Nbd2 Bf5 { White has a cramped position. White's piece can't move: c1}  (
6... g6 7. e4 Bg7 8. a3 O-O 9. b4 Qe7 10. Bb2 dxe4 11. dxe4 Rd8 12. b5 Nd4 13.
Nxd4 cxd4 14. c3 Bg4 15. Bf3 Nxe4 16. cxd4 Nxd2 { 0-1 Stehno,P  ( 2373 )
-Meduna,E  ( 2453 ) /Pardubice 2005/CBM 107 ext}  )7. Nh4 $146 { White
threatens to win material: Nh4xf5}  ( 7. b3 Bd6 8. Bb2 O-O 9. Re1 Re8 10. e4
dxe4 11. dxe4 Be6 12. c4 Qc7 13. Qc2 Rad8 14. Rad1 Nb4 15. Qb1 h6 16. a3 Nc6
17. Nf1 Nd4 18. Nxd4 cxd4 19. Qc1 b6 20. Nd2 a6 21. b4 Re7 { Koelsch,M  ( 1235
) -Weller,M  ( 1530 ) /Winterberg 2002/CBM 088 ext/0-1}  )( 7. e4 dxe4 8. dxe4
Bd7 $11 ( 8... Bxe4 $143 9. Nxe4 Nxe4 10. Nxe5 Nxe5 11. Bxe4 $16 ))7... Bd7 8.
e4 d4 { Black gains space}  ( 8... Bg4 9. Bf3 Bxf3 10. Qxf3 $11 )9. a4 g6 {
White has a cramped position. White's piece can't move: c1}  ( 9... Bg4 10. f3
Be6 11. Qe2 $11 )10. Nc4 $14 Bg7 ( 10... Be6 $5 $14)11. Nd6+ $16 Ke7 12. Nc4 (
{ Less advisable is } 12. Nxb7 Qb6 $17 )12... Re8 ( 12... Be6 13. b3 $16 )13.
f4 Kf8 14. f5 ( 14. Nf3 $16 $142)14... Re7 $2 ( 14... Kg8 $16 $142)15. Bg5 $18
h6 16. Bxf6 Bxf6 17. fxg6 Bxh4 18. gxh4 ( 18. Qh5 $142 { might be the shorter
path}  18... Kg7 19. gxf7 $18 ( 19. gxh4 $6 { is clearly worse}  19... fxg6 20.
Qf3 Kh7 $14 )( 19. Qxh4 $6 fxg6 20. Nd6 Be6 21. Nf5+ gxf5 22. exf5 Rc7 23. Qg4+
Qg5 24. Qxg5+ hxg5 25. fxe6 Re8 $16 ))18... Be8 $4 { an oversight. But Black
was lost anyway.}  ( 18... Kg7 $142 19. gxf7 Rxf7 20. Rxf7+ Kxf7 21. Qh5+ Kg7
22. Nxe5 Qe8 23. Qxe8 Bxe8 ( 23... Rxe8 $4 24. Nxd7 b6 25. Rf1 $18 )24. Nxc6
Bxc6 $18 )19. Qg4 Qd7 ( 19... Bd7 { does not improve anything}  20. Qh5 Kg7 21.
Rf6 $18 )20. Qg3 Qc7 ( 20... Re6 21. Bh3 f6 22. Rxf6+ Rxf6 23. Bxd7 Rxg6 24.
Rf1+ Ke7 $18 )21. Rf6 Re6 22. Raf1 Rxf6 23. g7+ Kg8 24. Rxf6 Ne7 25. Rxh6 ( 25.
Nd6 $5 $142 { makes it even easier for White}  25... Qxd6 26. Rxd6 Ng6 $18
)25... Ng6 26. h5 Kxg7 27. hxg6 Kxh6 28. g7 ( 28. Nxe5 $142 { secures victory} 
28... Qe7 29. Qh3+ Kg5 30. gxf7 Bxf7 31. Nf3+ Kg6 32. Nh4+ Qxh4 33. Qxh4 $18
)28... Bxa4 ( 28... Bb5 29. g8=N+ Rxg8 30. Qxg8 $18 )29. g8=Q Rxg8 30. Qxg8
Bxc2 ( 30... f6 { the last chance for counterplay}  31. Qe6 Kg6 $18 )31. Qh8+
Kg5 ( 31... Kg6 { cannot undo what has already been done}  32. Bh3 f6 33. Bf5+
Kf7 34. Qh7+ Kf8 35. Qxc7 Ba4 36. Bg6 Be8 37. Bxe8 Kg8 38. Qf7+ Kh8 39. Qxf6+
Kh7 40. Bg6+ Kh6 41. Nxe5 c4 42. Nf7# )32. Qg7+ Kh4 33. Bf3 ( 33. Bf3 Bxd3 34.
Qg3# ) 1-0

[Event "SA Championship"]
[Site "Adelaide"]
[Date "2006.03.21"]
[Round "6.5"]
[White "Mdinaradze, Edgar"]
[Black "Cowley, Robert G"]
[Result "0-1"]
[Annotator "Fritz 9"]
[BlackElo "2091"]
[EventCountry "AUS"]
[EventDate "2006.02.14"]
[EventRounds "9"]
[EventType "tourn"]
[PlyCount "64"]
[WhiteElo "1915"]

{ A65: Modern Benoni: 6 e4 } 1. d4 Nf6 2. c4 c5 3. d5 e6 4. Nc3 exd5 5. cxd5 d6
6. e4 g6 7. h3 ( 7. Nge2 Bg7 8. Ng3 a6 9. a4 Nbd7 10. Be2 h5 11. Bg5 Qa5 12.
Bd2 Qd8 13. Bg5 Qa5 14. O-O h4 15. Nh1 Qb4 16. Qc2 Ne5 17. h3 Nfd7 18. Ra3 c4
19. Na2 Qa5 20. Bd2 Qd8 21. f4 Nd3 { Gurevich,M  ( 2688 ) -Degraeve,J  ( 2589 )
/Clichy 2001/CBM 085/1-0  ( 37 )}  )7... Bg7 ( 7... a6 8. a4 Qe7 9. Bd3 c4 10.
Bc2 Nbd7 11. Nf3 Bg7 12. O-O O-O 13. Qd4 Ng4 14. Qxc4 Nge5 15. Nxe5 Nxe5 16.
Qe2 Qc7 17. Bb3 f5 18. Bf4 fxe4 19. Bxe5 Bxe5 20. Nxe4 Bf5 21. Ng5 Qb6 22. Ra3
{ Braunlich,T  ( 2210 ) -Langer,M  ( 2259 ) /Stillwater 2005/CBM 104
ext/1/2-1/2  ( 38 )}  )8. Bg5 h6 { Black threatens to win material: h6xg5}  9.
Be3 $146 ( 9. Bf4 O-O 10. Bd3 a6 ( 10... Re8 11. Nge2 c4 12. Bc2 b5 13. a3 Na6
14. Rc1 b4 15. axb4 Nxb4 16. Bb1 Ba6 17. Qa4 Nd3+ 18. Bxd3 cxd3 19. Qxa6 dxe2
20. Qxe2 Qa5 21. O-O Nxe4 22. Nxe4 Qxd5 23. Rfe1 f5 24. Qd2 Qxd2 25. Nxd2 {
Koczo,K  ( 2024 ) -Topp,M/Budapest 2002/CBM 089 ext/1-0  ( 44 )}  )11. a4 Re8
12. Nge2 Qc7 13. O-O Nbd7 14. Re1 b6 15. Qd2 Kh7 16. Rad1 Nh5 17. Bh2 Ne5 18.
Bb1 Rb8 19. f4 Nc4 20. Qc1 b5 21. axb5 axb5 22. g4 Nf6 23. Bd3 Nd7 { Motoc,A  (
2387 ) -Kubikova,A  ( 2170 ) /Balatonlelle 2003/CBM 095 ext/1/2-1/2  ( 71 )} 
)9... a6 { Controls b5}  ( 9... O-O 10. Nf3 $14 )10. a4 Qe7 11. Bd3 { Black has
a cramped position}  11... Nbd7 12. Nf3 g5 13. Nd2 { Black has a cramped
position. Black's piece can't move: c8}  ( 13. a5 O-O $14 )13... Ne5 $14 {
Black threatens to win material: Ne5xd3}  14. Be2 { Black has a cramped
position}  14... O-O 15. Nf3 ( 15. Qc2 Bd7 $14 )15... Nxf3+ ( 15... Ng6 16. Qc2
$11 )16. Bxf3 ( 16. gxf3 Bd7 $14 )16... Nxe4 17. Nxe4 f5 18. Nxd6 Qxd6 { White
has a new passed pawn: d5}  19. Qc2 b6 { Black plans f4}  20. g3 $4 { White has
let it slip away}  ( 20. O-O $11 $142 { had to be tried to avoid defeat} )20...
f4 $19 21. gxf4 gxf4 22. Bd2 Bf5 23. Qb3 Rae8+ 24. Kd1 Bd4 ( 24... c4 25. Qb4
Qg6 26. Kc1 $19 )25. Rg1+ Kh7 26. Rg4 $2 ( 26. Bc3 Rg8 ( 26... Bxh3 { is the
weaker alternative}  27. Bxd4 cxd4 28. Rc1 $14 )27. Bg4 Qe5 $19 )26... Bxf2 27.
Qc4 $6 { cannot solve the problems of the position}  ( 27. Rxf4 Bg6 28. Rxf8
Rxf8 $19 ( 28... Qxf8 $6 29. Bg4 $19 ))27... Be3 28. Ra3 ( 28. Bc3 Rf7 $19
)28... Qe5 ( 28... Bxd2 { makes it even easier for Black}  29. Kxd2 Qe5 30. Kc1
Qe1+ 31. Bd1 Bxg4 32. hxg4 $19 )29. Bxe3 $4 { White has lost his nerve...
understandable when you consider his position}  ( 29. Bc3 Bd4 30. Rg1 $19
)29... fxe3 30. Qc3 ( 30. Be2 { the only chance to get some counterplay}  30...
h5 31. Rf4 $19 )30... Bxg4 31. Bxg4 e2+ 32. Kc2 ( 32. Kc1 { is no salvation} 
32... Rf1+ 33. Kc2 Qe4+ 34. Qd3 e1=Q 35. Bf5+ Rxf5 36. Qxe4 Qxe4+ 37. Kb3 Qxd5+
38. Kc3 Rf2 39. a5 Re3# )32... e1=Q ( 32... e1=Q 33. Qd3+ Q5e4 34. Bd1 Rf1 35.
Qxe4+ Qxe4+ 36. Kc1 Qd4 37. Rd3 Qxd3 38. b3 Rxd1+ 39. Kb2 Re2+ 40. Ka3 Ra1# )(
32... Qe4+ 33. Qd3 e1=Q 34. Bd1 Rf1 35. Qxe4+ Qxe4+ 36. Rd3 Rxd1 37. Kb3 Rxd3+
38. Kc2 Qc4+ 39. Kb1 Rd1# ) 0-1

[Event "SA Championship"]
[Site "Adelaide"]
[Date "2006.03.28"]
[Round "7.1"]
[White "Cowley, Robert G"]
[Black "Goldsmith, Alan D"]
[Result "1/2-1/2"]
[Annotator "Fritz 9"]
[BlackElo "2059"]
[EventCountry "AUS"]
[EventDate "2006.02.14"]
[EventRounds "9"]
[EventType "tourn"]
[PlyCount "71"]
[WhiteElo "2091"]

{ D79: Fianchetto Grünfeld: Symmetrical Variation  ( 6 0-0 c6 7 cxd5 cxd5 ) }
1. c4 Nf6 2. Nc3 g6 3. g3 c6 4. Bg2 d5 5. cxd5 cxd5 6. d4 Bg7 7. Nf3 O-O 8. O-O
Nc6 9. Ne5 Ng4 10. Nxc6 bxc6 11. h3 ( 11. Na4 Re8 12. h3 Nf6 13. Bf4 Nh5 14.
Bg5 h6 15. Be3 Qd6 16. Qd2 g5 17. Rac1 f5 18. Qa5 Bd7 19. Nc5 f4 20. gxf4 gxf4
21. Bd2 Bxd4 22. Nxd7 Qxd7 23. Rxc6 e6 24. Rc2 Bb6 25. Qa3 Qf7 { Patuzzo,F  (
2329 ) -Korkmaz,N  ( 1973 ) /Instanbul 2004/CBM 102 ext/1-0  ( 62 )}  )11...
Nh6 ( 11... Nf6 12. Bf4 Ba6 13. Be5 Nd7 14. Bxg7 Kxg7 15. Re1 f5 16. f4 e6 17.
Rc1 Rb8 18. Na4 Bb5 19. Nc5 Nxc5 20. Rxc5 Qa5 21. a3 Rfc8 22. Qc1 Qc7 23. b3
Ba6 24. Qe3 Kf7 25. Rec1 Rb6 26. R1c3 { Nemeth,Z  ( 2379 ) -Yu Mingyuan  ( 2419
) /Budapest 2000/CBM 075 ext/1/2-1/2  ( 60 )}  )12. g4 $146 ( 12. b4 Nf5 13. e3
e5 14. dxe5 Bxe5 15. Bb2 Qd6 16. b5 Rb8 17. Qd2 Bb7 18. Rfd1 Rfd8 19. Rab1 d4
20. Ne4 Qe7 21. exd4 Nxd4 22. Bxd4 Rxd4 23. Qxd4 Bxd4 24. bxc6 Bb6 25. Rd7 Qe6
26. Rxb7 Rc8 { Straeter,T-Valkyser,S/Germany 1992/TD/1/2-1/2  ( 34 )}  )12...
Rb8 ( 12... f5 13. g5 Nf7 14. f4 $11 )13. Be3 ( 13. Bf4 $5 Rb4 14. Qc1 Nxg4 15.
hxg4 Bxd4 16. e4 dxe4 17. a3 $14 )13... f5 $11 { Black threatens to win
material: f5xg4}  ( { Not } 13... Rxb2 14. Qc1 Nxg4 15. Qxb2 Nxe3 16. fxe3 $16
)14. Qd2 Nf7 15. g5 e5 16. dxe5 Nxe5 17. b3 { Consolidates c4}  ( { Weaker is }
17. Bxa7 Nc4 18. Qf4 Be5 $19 )17... d4 18. Bxd4 f4 19. Ne4 f3 20. exf3 Nxf3+
21. Bxf3 Bxd4 { Black has the pair of bishops}  22. Rad1 c5 ( { Worse is }
22... Bxh3 23. Qxd4 Qxd4 24. Rxd4 Bxf1 25. Nf6+ Rxf6 26. gxf6 $18 )23. Bg2 Bf5
$2 ( 23... Qb6 24. Nf6+ Bxf6 25. gxf6 $14 )24. Qc1 $4 { gives the opponent
counterplay}  ( 24. Nxc5 $142 { a pity that White didn't try this}  24... Bg7
25. Qd5+ Kh8 26. Qxd8 Rbxd8 27. b4 $18 )24... Qe7 ( 24... Bxe4 25. Bxe4 Qd6 26.
Bg2 $11 )25. Rde1 ( 25. Rxd4 cxd4 26. Qc4+ Kh8 27. Qxd4+ Qg7 $16 )25... Qc7 $11
26. Nf6+ Kh8 27. Nd5 { White threatens to win material: Nd5xc7}  ( 27. Kh1 Bd3
28. Rg1 Rbd8 $14 ( 28... Bxf6 $143 29. gxf6 Qf7 30. Qxc5 $18 ))27... Qd6 (
27... Qd8 $5 { should not be overlooked}  28. Ne7 Bd7 $11 )28. Qf4 $14 Qxf4 29.
Nxf4 Bd7 30. Ne6 Bxe6 31. Rxe6 Rf5 { Black threatens to win material: Rf5xg5} 
32. Kh2 Rbf8 ( 32... Rxg5 33. f4 Rf5 34. Re7 $11 )33. f4 $14 Rxf4 34. Rxf4 Rxf4
35. Re8+ Kg7 36. Re7+ ( 36. Ra8 c4 37. bxc4 h6 $14 ) 1/2-1/2

[Event "SA Championship"]
[Site "Adelaide"]
[Date "2006.03.28"]
[Round "7.2"]
[White "Stevens, Tristan"]
[Black "Mdinaradze, Edgar"]
[Result "1-0"]
[Annotator "Fritz 9"]
[BlackElo "1915"]
[EventCountry "AUS"]
[EventDate "2006.02.14"]
[EventRounds "9"]
[EventType "tourn"]
[PlyCount "86"]
[WhiteElo "1855"]

{ B02: Alekhine's Defence: Chase Variation and lines with early Nc3 } 1. e4 Nf6
2. Nc3 d6 3. f4 g6 4. Nf3 Bg7 5. d3 c5 ( 5... c6 6. g3 O-O 7. Bg2 e5 8. fxe5
dxe5 9. O-O Nbd7 10. Qe2 Nc5 11. Nxe5 Qd4+ 12. Be3 Qxe5 13. d4 Qe7 14. dxc5 Ng4
15. Kh1 Be6 16. Rfe1 Bxc3 17. bxc3 Nxe3 18. Qxe3 Rfd8 19. a3 Rd7 20. Rad1 {
Gesos,P  ( 2390 ) -Vadasz,L  ( 2460 ) /Rimavska Sobota 1974/MCD/1/2-1/2  ( 70
)}  )6. Be3 Nc6 7. Qd2 Qa5 $146 ( 7... a6 8. h3 b5 9. g4 b4 10. Nd1 Qb6 11. Bg2
Bb7 12. O-O Nd7 13. Kh2 h5 14. g5 O-O 15. Nh4 Rfe8 16. f5 Kh7 17. c3 a5 18. Bf4
Rad8 19. Ne3 Nce5 20. Rf2 Qa6 21. Rd1 Rc8 22. c4 { Fowler,D-Dawson,A/Coventry
2005/CBM 105 ext/0-1  ( 40 )}  )8. h3 { Secures g4}  8... Bd7 9. g3 a6 { Covers
b5}  ( 9... O-O-O 10. Ne2 $11 )10. Bg2 $14 Rb8 ( 10... Nh5 11. Bf2 $14 )11. O-O
( 11. e5 dxe5 12. fxe5 Ng8 $16 )11... O-O 12. Rae1 ( 12. e5 Ne8 $16 )12... b5
$14 13. a3 { Controls b4}  13... b4 14. axb4 Rxb4 ( 14... Qxb4 $5 15. e5 Ne8
$14 )15. e5 $16 Ne8 ( 15... dxe5 $5 $142 16. Nxe5 Qc7 $16 )16. Nd5 $18 Ra4 17.
Qxa5 Rxa5 18. Nd2 e6 $6 { doesn't faze the opponent}  ( 18... Rb5 19. Nc4 $18
)19. Nb6 ( 19. Nc3 { keeps an even firmer grip}  19... dxe5 20. Nb3 exf4 21.
Bxc6 Bxc3 22. bxc3 Ra2 23. Bxd7 fxe3 24. Nxc5 Rxc2 25. Rxe3 Nd6 $18 )19... Nb8
20. Ndc4 Ra2 21. exd6 ( 21. Nxd7 $5 { and White can already relax}  21... Nxd7
22. Bc6 d5 23. Bxd7 dxc4 24. Bxc5 Nc7 25. Bxf8 Bxf8 26. dxc4 Rxb2 $18 )21...
Bxb2 22. Bxc5 ( 22. Nxd7 $6 Nxd7 23. Rb1 Bd4 24. Bxd4 cxd4 $14 )22... Bc3 23.
Re2 ( 23. Nxd7 $6 Nxd7 24. Bf2 Bxe1 25. Rxe1 Rxc2 $11 )23... Nf6 24. Ne5 ( 24.
Rb1 Bc6 $18 )24... Rd8 ( 24... Bb5 25. Rb1 Bxe5 26. fxe5 $16 ( 26. Rxe5 $6 Rxc2
27. Ba3 Rc3 $11 ))25. g4 { White intends f5}  ( 25. Rb1 $5 $142 a5 26. d4 $18 (
26. Nexd7 $6 Nbxd7 27. Nxd7 Nxd7 $14 ))25... Bb5 $16 26. f5 Bxe5 27. fxe6 ( 27.
Rxe5 exf5 28. gxf5 Nbd7 29. Nxd7 Nxd7 30. fxg6 hxg6 $18 )27... Bxd6 $2 ( 27...
fxe6 28. Rxe5 Nbd7 29. Rxe6 Nxc5 30. Rexf6 ( 30. Rfxf6 $143 Nxe6 31. Rxe6 Rxc2
$15 )30... Rxc2 31. Bd5+ Kg7 32. g5 $18 )28. Bxd6 ( 28. exf7+ $142 { secures
the point}  28... Kf8 29. Be3 $18 )28... Rxd6 $16 29. Rxf6 Rxe6 30. Rexe6 fxe6
31. Rxe6 ( 31. c4 $5 Bc6 32. Bf1 $16 )31... Rxc2 $14 32. d4 Kf8 33. d5 ( 33. g5
a5 $14 )33... Rd2 34. g5 a5 35. Rf6+ { An ideal square for the white rook.} 
35... Ke8 ( 35... Kg7 36. Bf1 Rb2 37. Na8 $11 )36. Nc8 $16 Bd7 37. Nd6+ Ke7 38.
Nc4 Rd1+ 39. Kh2 { White has a king attack}  ( 39. Kf2 $5 a4 40. Rb6 $16 )39...
a4 $14 { Black's piece can't move: b8}  40. Rb6 { White threatens to win
material: Rb6xb8}  40... Rd4 $2 ( 40... Rc1 41. Ne3 Rc8 $11 )41. Ne5 $4 { with
this move White loses his initiative}  ( 41. Na5 $142 a3 42. Rxb8 $18 )41... a3
$15 { Is this a dangerous pawn?}  42. Rxb8 $2 ( 42. Nxd7 $142 { and White has
air to breath}  42... a2 43. Nxb8 $15 )42... a2 $19 43. Ra8 $4 { leading to a
quick end}  ( 43. Rb7 $142 a1=Q 44. Rxd7+ Ke8 45. Rxh7 $19 )43... Kd6 $138 (
43... Ra4 $142 { and Black has it in the bag}  44. Rh8 a1=Q 45. Rxh7+ Kd6 46.
Nxg6 Qc1 $19 ) 1-0

[Event "SA Championship"]
[Site "Adelaide"]
[Date "2006.03.28"]
[Round "7.3"]
[White "Zaric, Srboljub"]
[Black "Juszczynski, Mathew"]
[Result "1-0"]
[Annotator "Fritz 9"]
[BlackElo "1790"]
[EventCountry "AUS"]
[EventDate "2006.02.14"]
[EventRounds "9"]
[EventType "tourn"]
[PlyCount "53"]
[WhiteElo "2129"]

{ B42: Sicilian: Kan Variation: 5 Bd3 } 1. e4 c5 2. Nf3 e6 3. d4 cxd4 4. Nxd4 a6
5. Bd3 Qc7 6. O-O Nc6 7. Nxc6 bxc6 8. c4 Nf6 9. Qe2 d6 10. f4 ( 10. Bg5 Be7 11.
e5 dxe5 12. Nc3 Bb7 13. Rad1 c5 14. Rfe1 O-O 15. Qxe5 Qxe5 16. Rxe5 Ng4 17.
Bxe7 Nxe5 18. Bxf8 Kxf8 19. Na4 Rc8 20. f4 Ng4 21. g3 g6 22. Be2 Nf6 23. Rd6
Rc7 24. Rb6 Nd7 { Ker,A  ( 2348 ) -Dive,R  ( 2414 ) /New Zeeland 2001/CBM 079
ext/1/2-1/2  ( 39 )}  )10... e5 11. Nc3 Be7 12. c5 $146 ( 12. f5 Bb7 13. Be3 d5
14. cxd5 cxd5 15. Rac1 Qd7 16. Nxd5 Nxd5 17. exd5 Bxd5 18. Bxa6 O-O 19. Rfd1
Rfd8 20. Bb6 Bg5 21. Bxd8 Bxc1 22. Qxe5 Rxd8 23. Rxc1 Qa7+ 24. Kh1 Qxa6 25. b3
h6 26. f6 Qxf6 { Eichhorn,A  ( 2084 ) -Bergen,K/St Veit 2002/CBM 089
ext/1/2-1/2}  )12... O-O 13. cxd6 Bxd6 14. f5 { White wins space}  14... Bc5+
15. Kh1 Bd4 { A classical outpost}  16. Bg5 Qd6 { White has a very active
position}  17. Rad1 Bb7 18. Bc4 a5 ( 18... Rfd8 19. Rf3 Qe7 20. Rc1 $11 )19.
Rf3 { White has an active position}  19... Rab8 $4 ( 19... Qe7 $5 $11 $142 {
should be examined more closely} )20. Rg3 ( 20. Rxd4 $142 { might be the
shorter path}  20... Qxd4 21. Bxf6 $18 )20... Nd7 $4 { cause more grief}  (
20... c5 $142 21. Bh6 Nxe4 22. Rxg7+ Kh8 23. Nxe4 Qxh6 $16 )21. Qh5 $18 Ba8 (
21... Kh8 22. Rh3 h6 $18 )22. Bh6 Qf6 23. Bxg7 Qxg7 24. Rxg7+ Kxg7 25. Rd3 Rxb2
( 25... Rbd8 { doesn't get the bull off the ice}  26. Rh3 Be3 27. Rxe3 Kh8 28.
Rh3 Nf6 29. Qh6 Rg8 30. Qxf6+ Rg7 31. Qxd8+ Rg8 32. Qf6+ Rg7 33. Rg3 h5 34.
Qxg7# )26. Rg3+ Kh8 27. Qg5 ( 27. Qg5 Rb1+ 28. Nxb1 h6 29. Qxh6# ) 1-0

[Event "SA Championship"]
[Site "Adelaide"]
[Date "2006.03.28"]
[Round "7.4"]
[White "Tao, Trevor"]
[Black "Riches, L John"]
[Result "1-0"]
[Annotator "Fritz 9"]
[BlackElo "1939"]
[EventCountry "AUS"]
[EventDate "2006.02.14"]
[EventRounds "9"]
[EventType "tourn"]
[PlyCount "39"]
[WhiteElo "2418"]

{ B19: Classical Caro-Kann: 4...Bf5 main line } 1. e4 c6 2. d4 d5 3. Nd2 dxe4 4.
Nxe4 Bf5 5. Ng3 Bg6 6. h4 h6 7. Nf3 Nd7 8. Bd3 Bxd3 9. Qxd3 Qc7 10. Be3 Ngf6
11. O-O-O ( 11. c4 e6 12. O-O Bd6 13. Ne2 Rd8 14. Qb3 c5 15. Rfd1 O-O 16. Rac1
Ng4 17. Nc3 cxd4 18. Bxd4 Bc5 19. Bxc5 Nxc5 20. Qc2 Qb6 21. b3 Rxd1+ 22. Rxd1
Rd8 23. Qe2 Nd3 24. Rxd3 Rxd3 25. Qxd3 Qxf2+ { Binder,T  ( 2300 )
-Kiss,V/Hungary 1993/TD/1-0}  )11... O-O-O 12. Kb1 $146 { Black has a cramped
position. Black's piece can't move: f8}  ( 12. Ne2 e6 13. Qb3 ( 13. Kb1 Ng4 14.
Rhf1 Nxe3 15. Qxe3 Bd6 { 1/2-1/2 Shadick,P-Cilia Vincenti,V  ( 2205 ) /Novi Sad
1990/TD}  )13... Nd5 14. c4 Nxe3 15. fxe3 e5 16. c5 exd4 17. exd4 Nf6 18. Ne5
Nd5 19. Rhf1 f6 20. Ng6 Rg8 21. Nef4 Qf7 22. Rde1 Rd7 23. h5 b6 24. Re6 Nc7 25.
Rfe1 bxc5 26. Qa4 Nxe6 { Marco,G-Tartakower,S/Bad Pistyan 1922/HCL/1-0  ( 53 )}
 )( 12. Qb3 Ng4 13. Ne2 e6 14. Rhe1 Be7 15. Kb1 Nxe3 16. Qxe3 Nf6 17. Ne5 Rhf8
18. Nxf7 Rde8 19. Ne5 Bd6 20. f4 Bxe5 21. dxe5 Nd5 22. Qe4 Qb6 23. g3 Qf2 24.
Rf1 Qb6 25. Rf3 Rd8 26. c4 Ne7 { Teichmann,R-Mieses,J/Berlin 1910/HCL/1-0  ( 44
)}  )12... e6 { White has a very active position}  13. c4 { Black has a cramped
position}  13... Bd6 14. Ne4 Nxe4 15. Qxe4 Nf6 16. Qc2 Rd7 ( 16... Qa5 17. Rd3
$11 )17. Bd2 ( 17. c5 Bf4 $16 )17... Ng4 { Black threatens to win material:
Ng4xf2}  ( 17... c5 18. Bc3 $11 )18. Bc3 $14 f6 { Prevents intrusion on e5+g5} 
( 18... Kb8 $5 $14 { is worth consideration} )19. Rhe1 Re8 $4 { strolling
merrily down the path to disaster}  ( 19... Re7 $16 $142)20. Qg6 $18 ( 20. Qg6
Rde7 21. Qxg4 $18 ) 1-0